Nem érdekli a diákokat, ki a gimnázium névadója A Ságvári már márkanév
Elmentve itt :
| Dokumentumtípus: | Cikk |
|---|---|
| Megjelent: |
2006-03-08
|
| Sorozat: | Délmagyarország
96 No. 57 |
| Kulcsszavak: | Gyakorló gimnázium |
| Online Access: | http://dmarchiv.bibl.u-szeged.hu/126516 |
| LEADER | 00463nab a2200145 i 4500 | ||
|---|---|---|---|
| 001 | delm126516 | ||
| 005 | 20191219090453.0 | ||
| 008 | 191219s2006 hu o 0|| hun d | ||
| 040 | |a SZTE Délmagyarország Archívum |b hun | ||
| 041 | |a hun | ||
| 245 | 0 | 4 | |a Nem érdekli a diákokat, ki a gimnázium névadója |h [elektronikus dokumentum] : |b A Ságvári már márkanév |
| 260 | |c 2006-03-08 | ||
| 300 | |a 1, 5 | ||
| 490 | 0 | |a Délmagyarország |v 96 No. 57 | |
| 695 | |a Gyakorló gimnázium | ||